000 00709nam a2200217 a 4500
001 000021286
005 20200930011303.0
008 100903s1978 sp 000 0 spa d
020 _a8425407257
040 _aDO-SdBNP
_bspa
_cBNPHU
082 _a305.42
_bF523i
100 1 _aFirkel, Eva.
_944480
245 1 0 _aIdentidad de la mujer /
_cEva Firkel; versión castellana de Marciano Villanueva.
260 _aBarcelona, (España) :
_bEditorial Herder,
_c1978.
300 _a108 p. ;
_c22 cm.
650 4 _aMujeres
_xCuestiones sociales y morales
_911704
650 4 _aPsicología de la mujer
_943610
650 4 _aTrabajo social con la mujer
_944481
700 1 _aVillanueva, Marciano
_944482
049 _aBNGR
999 _c20786
_d20786